000 00655nam a2200229Ia 4500
003 OSt
005 20220928115354.0
006 a|||||r|||| 00| 0
007 ta
008 220927b |||||||| |||| 00| 0 eng d
024 _a51844
037 _cTextual
040 _aSDCL
_cSDCL
_beng
041 _2eng
_aeng
082 _aX7243.2'N8, M3
100 _aRanganathan Justice S
_9444026
245 0 _aCorporate taxation in India.
260 _aNew Delhi
_bDocumentation centre for Corporate and Business Policy
_c1983
300 _axi,160p
_ccm.
942 _hX7243.2'N8, M3
_cTEXL
_2CC
999 _c759159
_d759159